La reforma de la liturgia: 1948-1975

Bewaard in:
Bibliografische gegevens
Hoofdauteur: Bugnini, Annibale (Auteur)
Formaat: Boek
Taal:Spaans
Gepubliceerd in: Madrid Biblioteca de Autores Cristianos 1999
Onderwerpen:
Tags: Voeg label toe
Geen labels, Wees de eerste die dit record labelt!

MARC

LEADER 00000cam a2200000 a 4500
001 UCL9029
003 CL-VaPUC
008 040716e19990000SP |||||||||||||||||spa|d
020 |a 8479144173 
082 0 4 |a 264.001  |b BUG  |2 21 
100 0 |a Bugnini, Annibale  |e author  |9 486926 
245 1 3 |a La reforma de la liturgia: 1948-1975 
300 |a 884 p 
942 |c BK 
945 |d 20040716 00:00:00  |a cmena 
260 |a Madrid  |b Biblioteca de Autores Cristianos  |c 1999 
600 0 7 |a IGLESIA CATOLICA ROMANA  |2 CL-VaPUC  |9 482284 
650 0 |a Liturgias  |9 400095 
650 0 |a Ceremonias religiosas  |9 337235 
583 |a last modification  |c 20181204 01:33:57  |k Rodrigo Vera 
999 |c 310029  |d 310027 
952 |0 0  |1 0  |4 0  |6 264_001000000000000_BUG_1999  |7 0  |8 A  |9 378051  |a BIBTEO  |b BIBTEO  |d 2019-11-21  |i 4038169  |o 264.001 BUG 1999  |p 4038169  |r 2025-01-17  |w 2019-11-21  |y BK  |k ICR 
952 |0 0  |1 0  |3 erd  |4 0  |6 264_001000000000000_BUG_1999  |7 0  |8 A  |9 378052  |a BIBTEO  |b BIBTEO  |e Precht Pizarro, Jorge Enrique  |i 5521084  |o 264.001 BUG 1999  |p 5521084  |r 2025-01-17  |w 2019-11-21  |y BK  |z Catalogado en:20181207  |k ICR